000 00273nam a22001337a 4500
008 180316b xxu||||| |||| 00| 0 eng d
020 _a000020003937
041 _aeng
080 _a78
100 _a45
101 _amuz
245 _aeliah
_cschirmen.g
942 _2udc
_cBK
999 _c45281
_d45281